| 000 | 00488nam a22001817a 4500 | ||
|---|---|---|---|
| 003 | CEME | ||
| 005 | 20210628203020.0 | ||
| 008 | 210128b xxu||||| |||| 00| 0 eng d | ||
| 020 | _a9781844084470 | ||
| 040 | _c. | ||
| 082 | _a823 MCC | ||
| 100 |
_aMccullough, Colleen _962872 |
||
| 245 | _aThe thorn birds | ||
| 260 |
_aGREAT BRITIAN _bVIRAGO PRESS _c2007 |
||
| 300 | _aX,573P | ||
| 650 |
_aCATHOLICS-FICTION.RELIGIOUS FICTION. LOVE STORIES.CLERGT-FICTION _962873 |
||
| 942 |
_cBK _2ddc |
||
| 999 |
_c571837 _d571837 |
||